[Event "European Chess Club Cup 2023"]
[Site "Durres, Albania"]
[Date "2023.10.02"]
[Round "2.40"]
[White "Saric, Ivan"]
[Black "Vedrickas, Tautvydas"]
[Result "1-0"]
[TimeControl "90' + 30' & 30\""]
[WhiteElo "2647"]
[BlackElo "2329"]

1. e4 {[%clk 01:30:57]} {[%emt 00:00:02]} g6 {[%clk 01:30:53]} {[%emt
00:00:07]} 2. d4 {[%clk 01:31:21]} {[%emt 00:00:07]} Bg7 {[%clk 01:31:17]}
{[%emt 00:00:05]} 3. Nc3 {[%clk 01:31:26]} {[%emt 00:00:26]} c5 {[%clk
01:30:47]} {[%emt 00:00:59]} 4. dxc5 {[%clk 01:29:16]} {[%emt 00:02:41]} Bxc3+
{[%clk 01:28:30]} {[%emt 00:02:47]} 5. bxc3 {[%clk 01:29:42]} {[%emt 00:00:04]}
Qa5 {[%clk 01:27:48]} {[%emt 00:01:11]} 6. Qd4 {[%clk 01:27:58]} {[%emt
00:02:14]} Nf6 {[%emt 00:06:21]} 7. Bd2 {[%clk 01:21:14]} {[%emt 00:01:00]} Nc6
{[%clk 01:27:00]} {[%emt 00:01:42]} 8. Qe3 {[%emt 00:08:40]} b6 {[%emt
00:03:47]} 9. cxb6 {[%clk 01:21:27]} {[%emt 00:00:20]} Qxb6 {[%emt 00:03:04]}
10. Bd3 {[%clk 01:17:57]} {[%emt 00:01:05]} Ba6 {[%clk 01:13:17]} {[%emt
00:03:03]} 11. Nf3 {[%emt 00:22:03]} O-O {[%clk 00:43:43]} {[%emt 00:09:50]} 12.
O-O {[%clk 01:12:34]} {[%emt 00:04:35]} Rfc8 {[%clk 00:39:57]} {[%emt
00:04:15]} 13. e5 {[%emt 00:13:14]} Qxe3 {[%clk 00:25:19]} {[%emt 00:08:59]} 14.
fxe3 {[%clk 01:06:26]} {[%emt 00:00:04]} Bxd3 {[%clk 00:25:36]} {[%emt
00:00:12]} 15. cxd3 {[%clk 01:06:54]} {[%emt 00:00:02]} Ng4 {[%clk 00:21:18]}
{[%emt 00:04:49]} 16. d4 {[%clk 01:07:02]} {[%emt 00:00:22]} Na5 {[%clk
00:15:05]} {[%emt 00:06:42]} 17. h3 {[%clk 01:07:28]} {[%emt 00:00:06]} Nh6
{[%clk 00:15:28]} {[%emt 00:00:06]} 18. e4 {[%clk 01:07:44]} {[%emt 00:00:14]}
Kg7 {[%clk 00:15:50]} {[%emt 00:00:08]} 19. Rab1 {[%clk 00:55:25]} {[%emt
00:12:49]} Rab8 {[%clk 00:15:37]} {[%emt 00:00:42]} 20. Kf2 {[%clk 00:52:58]}
{[%emt 00:02:57]} Rb6 {[%clk 00:15:21]} {[%emt 00:00:45]} 21. Rxb6 {[%clk
00:49:56]} {[%emt 00:03:33]} axb6 {[%clk 00:15:45]} {[%emt 00:00:06]} 22. Ke2
{[%clk 00:50:24]} {[%emt 00:00:02]} Nc4 {[%clk 00:13:52]} {[%emt 00:02:24]} 23.
Rb1 {[%clk 00:40:51]} {[%emt 00:10:02]} Ra8 {[%clk 00:11:51]} {[%emt 00:02:30]}
24. Bxh6+ {[%clk 00:41:08]} {[%emt 00:00:15]} Kxh6 {[%clk 00:12:15]} {[%emt
00:00:06]} 25. Kd3 {[%emt 00:01:16]} Ra4 {[%clk 00:11:13]} {[%emt 00:00:17]} 26.
Rb4 {[%clk 00:41:48]} {[%emt 00:00:19]} Rxb4 {[%clk 00:10:16]} {[%emt
00:01:25]} 27. cxb4 {[%emt 00:00:09]} b5 {[%clk 00:10:30]} {[%emt 00:00:11]} 28.
d5 {[%emt 00:02:22]} f6 {[%clk 00:07:39]} {[%emt 00:01:12]} 29. exf6 {[%clk
00:42:11]} {[%emt 00:00:51]} exf6 {[%clk 00:08:03]} {[%emt 00:00:06]} 30. Kd4
{[%clk 00:42:38]} {[%emt 00:00:03]} Na3 {[%clk 00:05:00]} {[%emt 00:03:32]} 31.
Kc5 {[%clk 00:42:52]} {[%emt 00:00:17]} Kg7 {[%clk 00:05:07]} {[%emt 00:00:23]}
32. Nd4 {[%clk 00:42:23]} {[%emt 00:00:59]} 1-0

[Event "European Chess Club Cup 2023"]
[Site "Durres, Albania"]
[Date "2023.10.02"]
[Round "2.41"]
[White "Indriunas, Matas"]
[Black "Markus, Robert"]
[Result "0-1"]
[TimeControl "90' + 30' & 30\""]
[WhiteElo "2326"]
[BlackElo "2578"]

1. e4 {[%clk 01:30:57]} {[%emt 00:00:02]} e6 {[%clk 01:30:56]} {[%emt
00:00:04]} 2. d4 {[%clk 01:31:12]} {[%emt 00:00:16]} d5 {[%clk 01:31:21]}
{[%emt 00:00:05]} 3. Nc3 {[%clk 01:31:28]} {[%emt 00:00:14]} Bb4 {[%clk
01:31:44]} {[%emt 00:00:06]} 4. exd5 {[%clk 01:31:29]} {[%emt 00:00:29]} exd5
{[%clk 01:32:05]} {[%emt 00:00:09]} 5. Bd3 {[%clk 01:31:48]} {[%emt 00:00:12]}
Nc6 {[%clk 01:31:36]} {[%emt 00:00:59]} 6. Nf3 {[%clk 01:31:39]} {[%emt
00:00:39]} Nge7 {[%clk 01:27:22]} {[%emt 00:04:43]} 7. O-O {[%clk 01:30:53]}
{[%emt 00:01:17]} O-O {[%clk 01:25:01]} {[%emt 00:02:51]} 8. Ne2 {[%clk
01:29:54]} {[%emt 00:01:29]} Bd6 {[%clk 01:15:11]} {[%emt 00:10:20]} 9. c3
{[%clk 01:17:52]} {[%emt 00:12:32]} Ng6 {[%clk 01:12:41]} {[%emt 00:02:59]} 10.
h3 {[%clk 01:03:01]} {[%emt 00:15:21]} Nce7 {[%clk 01:04:02]} {[%emt 00:09:09]}
11. Qc2 {[%clk 00:56:07]} {[%emt 00:07:25]} b6 {[%clk 01:01:15]} {[%emt
00:03:17]} 12. Ng3 {[%clk 00:47:22]} {[%emt 00:09:14]} c5 {[%clk 00:57:34]}
{[%emt 00:04:12]} 13. Nf5 {[%clk 00:33:24]} {[%emt 00:14:28]} c4 {[%clk
00:46:30]} {[%emt 00:11:33]} 14. Nxe7+ {[%clk 00:33:03]} {[%emt 00:00:51]} Qxe7
{[%clk 00:41:14]} {[%emt 00:05:47]} 15. Bf5 {[%clk 00:32:58]} {[%emt 00:00:35]}
Re8 {[%clk 00:29:39]} {[%emt 00:12:05]} 16. g3 {[%clk 00:30:37]} {[%emt
00:02:51]} Qf6 {[%clk 00:25:57]} {[%emt 00:04:11]} 17. Bxc8 {[%clk 00:30:45]}
{[%emt 00:00:22]} Raxc8 {[%clk 00:26:22]} {[%emt 00:00:05]} 18. Kg2 {[%clk
00:30:28]} {[%emt 00:00:48]} Re4 {[%clk 00:21:52]} {[%emt 00:04:59]} 19. Bd2
{[%clk 00:25:27]} {[%emt 00:05:31]} h6 {[%clk 00:21:02]} {[%emt 00:01:21]} 20.
Rae1 {[%clk 00:25:06]} {[%emt 00:00:51]} Qe6 {[%clk 00:21:11]} {[%emt
00:00:20]} 21. Be3 {[%clk 00:12:50]} {[%emt 00:12:47]} Re8 {[%clk 00:19:45]}
{[%emt 00:01:56]} 22. Nd2 {[%clk 00:09:09]} {[%emt 00:04:12]} Nh4+ {[%clk
00:19:06]} {[%emt 00:01:08]} 23. Kh2 {[%clk 00:09:10]} {[%emt 00:00:28]} f5
{[%clk 00:12:00]} {[%emt 00:07:36]} 24. Qd1 {[%clk 00:04:42]} {[%emt 00:04:58]}
f4 {[%clk 00:10:46]} {[%emt 00:01:44]} 25. Nxe4 {[%clk 00:05:00]} {[%emt
00:00:12]} Qxe4 {[%clk 00:11:11]} {[%emt 00:00:06]} 26. gxh4 {[%clk 00:02:03]}
{[%emt 00:03:27]} fxe3+ {[%clk 00:10:27]} {[%emt 00:01:13]} 27. f4 {[%clk
00:02:25]} {[%emt 00:00:08]} e2 {[%clk 00:10:35]} {[%emt 00:00:22]} 0-1

[Event "European Chess Club Cup 2023"]
[Site "Durres, Albania"]
[Date "2023.10.02"]
[Round "2.42"]
[White "Sebenik, Matej"]
[Black "Setkauskas, Vaidas"]
[Result "0-1"]
[TimeControl "90' + 30' & 30\""]
[WhiteElo "2523"]
[BlackElo "2239"]

1. c4 {[%clk 01:30:52]} {[%emt 00:00:07]} e5 {[%clk 01:29:54]} {[%emt
00:01:07]} 2. Nc3 {[%clk 01:31:06]} {[%emt 00:00:15]} Nf6 {[%clk 01:29:39]}
{[%emt 00:00:46]} 3. Nf3 {[%clk 01:31:15]} {[%emt 00:00:21]} Nc6 {[%clk
01:29:40]} {[%emt 00:00:28]} 4. g3 {[%clk 01:31:25]} {[%emt 00:00:20]} d5
{[%clk 01:28:40]} {[%emt 00:01:30]} 5. cxd5 {[%clk 01:31:40]} {[%emt 00:00:15]}
Nxd5 {[%clk 01:29:03]} {[%emt 00:00:07]} 6. Bg2 {[%clk 01:31:55]} {[%emt
00:00:16]} Nf6 {[%clk 01:28:17]} {[%emt 00:01:16]} 7. O-O {[%clk 01:29:23]}
{[%emt 00:03:01]} h6 {[%clk 01:25:57]} {[%emt 00:02:50]} 8. b4 {[%clk
01:21:07]} {[%emt 00:08:46]} Bd6 {[%clk 01:03:33]} {[%emt 00:22:54]} 9. b5
{[%clk 01:16:19]} {[%emt 00:05:18]} Nd4 {[%clk 01:02:01]} {[%emt 00:02:02]} 10.
Bb2 {[%clk 01:14:57]} {[%emt 00:01:52]} c5 {[%clk 00:27:47]} {[%emt 00:34:45]}
11. bxc6 {[%clk 00:37:05]} {[%emt 00:38:22]} Nxc6 {[%clk 00:27:07]} {[%emt
00:01:10]} 12. d4 {[%clk 00:36:14]} {[%emt 00:01:20]} O-O {[%clk 00:19:06]}
{[%emt 00:08:31]} 13. Nb5 {[%clk 00:15:06]} {[%emt 00:21:37]} e4 {[%clk
00:13:09]} {[%emt 00:06:27]} 14. Nd2 {[%clk 00:15:03]} {[%emt 00:00:34]} Bf5
{[%clk 00:08:25]} {[%emt 00:05:14]} 15. Nc4 {[%clk 00:15:09]} {[%emt 00:00:23]}
Bb4 {[%clk 00:07:32]} {[%emt 00:01:24]} 16. a3 {[%clk 00:06:11]} {[%emt
00:09:28]} Qd5 {[%clk 00:05:06]} {[%emt 00:02:56]} 17. axb4 {[%clk 00:06:06]}
{[%emt 00:00:35]} Qxb5 {[%clk 00:05:12]} {[%emt 00:00:24]} 18. Nd6 {[%clk
00:06:31]} {[%emt 00:00:05]} Qd5 {[%clk 00:05:36]} {[%emt 00:00:07]} 19. Nxf5
{[%clk 00:01:07]} {[%emt 00:05:53]} Qxf5 {[%clk 00:06:01]} {[%emt 00:00:05]} 20.
Qa4 {[%clk 00:00:51]} {[%emt 00:00:46]} a6 {[%clk 00:06:05]} {[%emt 00:00:26]}
21. Rac1 {[%clk 00:01:04]} {[%emt 00:00:17]} Nd7 {[%clk 00:01:59]} {[%emt
00:04:36]} 22. f3 {[%clk 00:01:08]} {[%emt 00:00:26]} e3 {[%clk 00:00:57]}
{[%emt 00:01:32]} 23. f4 {[%clk 00:01:14]} {[%emt 00:00:24]} Nb6 {[%clk
00:01:12]} {[%emt 00:00:15]} 24. Qb3 {[%clk 00:01:40]} {[%emt 00:00:04]} Qb5
{[%clk 00:01:34]} {[%emt 00:00:09]} 25. Rc5 {[%clk 00:00:46]} {[%emt 00:01:23]}
Qxe2 {[%clk 00:01:03]} {[%emt 00:01:01]} 26. Bf3 {[%clk 00:01:12]} {[%emt
00:00:04]} Qd2 {[%clk 00:01:14]} {[%emt 00:00:20]} 27. Bxc6 {[%clk 00:01:39]}
{[%emt 00:00:02]} e2 {[%clk 00:01:20]} {[%emt 00:00:24]} 28. Bxb7 {[%clk
00:00:40]} {[%emt 00:01:29]} exf1=Q+ {[%emt 00:00:49]} 29. Kxf1 {[%clk
00:01:06]} {[%emt 00:00:02]} Rae8 {[%clk 00:01:04]} {[%emt 00:00:29]} 30. Re5
{[%clk 00:01:34]} {[%emt 00:00:03]} Nd7 {[%clk 00:01:08]} {[%emt 00:00:25]} 31.
Bxa6 {[%clk 00:00:46]} {[%emt 00:01:18]} Nxe5 {[%clk 00:01:32]} {[%emt
00:00:07]} 32. fxe5 {[%clk 00:01:13]} {[%emt 00:00:03]} Re6 {[%clk 00:00:50]}
{[%emt 00:01:12]} 33. Bc4 {[%clk 00:00:38]} {[%emt 00:01:04]} Rc6 {[%clk
00:01:02]} {[%emt 00:00:19]} 34. Bc3 {[%clk 00:00:47]} {[%emt 00:00:21]} Qxh2
{[%clk 00:00:57]} {[%emt 00:00:35]} 35. b5 {[%clk 00:01:11]} {[%emt 00:00:05]}
Qh1+ {[%clk 00:00:39]} {[%emt 00:00:48]} 36. Ke2 {[%clk 00:01:21]} {[%emt
00:00:19]} Qg2+ {[%clk 00:00:55]} {[%emt 00:00:16]} 37. Kd1 {[%clk 00:01:43]}
{[%emt 00:00:07]} Qf3+ {[%clk 00:00:57]} {[%emt 00:00:28]} 38. Kc2 {[%clk
00:00:44]} {[%emt 00:01:29]} Rg6 {[%clk 00:01:00]} {[%emt 00:00:28]} 39. b6
{[%clk 00:00:38]} {[%emt 00:00:35]} Rb8 {[%clk 00:01:05]} {[%emt 00:00:25]} 40.
e6 {[%clk 00:00:47]} {[%emt 00:00:21]} fxe6 {[%clk 00:00:45]} {[%emt 00:00:50]}
41. d5 {[%clk 00:12:10]} {[%emt 00:19:07]} Qf2+ {[%clk 00:29:33]} {[%emt
00:01:41]} 42. Bd2 {[%clk 00:10:41]} {[%emt 00:02:00]} Qxb6 {[%clk 00:26:59]}
{[%emt 00:03:05]} 0-1

[Event "European Chess Club Cup 2023"]
[Site "Durres, Albania"]
[Date "2023.10.02"]
[Round "2.43"]
[White "Yankelevich, Lev"]
[Black "Xhembulla, Aleksander"]
[Result "1-0"]
[TimeControl "90' + 30' & 30\""]
[WhiteElo "2399"]
[BlackElo "2194"]

1. d4 {[%clk 01:30:53]} {[%emt 00:00:07]} Nf6 {[%clk 01:30:52]} {[%emt
00:00:08]} 2. c4 {[%clk 01:31:14]} {[%emt 00:00:09]} e6 {[%clk 01:31:14]}
{[%emt 00:00:08]} 3. Nf3 {[%clk 01:31:36]} {[%emt 00:00:06]} b6 {[%clk
01:29:45]} {[%emt 00:02:01]} 4. g3 {[%clk 01:31:54]} {[%emt 00:00:11]} Ba6
{[%clk 01:30:11]} {[%emt 00:00:05]} 5. Qc2 {[%clk 01:31:40]} {[%emt 00:00:45]}
Bb7 {[%clk 01:29:07]} {[%emt 00:01:33]} 6. Bg2 {[%clk 01:32:04]} {[%emt
00:00:06]} c5 {[%clk 01:29:32]} {[%emt 00:00:05]} 7. d5 {[%clk 01:32:28]}
{[%emt 00:00:05]} exd5 {[%clk 01:29:58]} {[%emt 00:00:05]} 8. cxd5 {[%clk
01:32:51]} {[%emt 00:00:07]} Nxd5 {[%clk 01:30:23]} {[%emt 00:00:05]} 9. O-O
{[%clk 01:32:26]} {[%emt 00:00:55]} Be7 {[%clk 01:30:47]} {[%emt 00:00:06]} 10.
Qe4 {[%clk 01:24:47]} {[%emt 00:08:09]} Bc6 {[%clk 01:23:56]} {[%emt 00:07:20]}
11. Ne5 {[%clk 01:24:42]} {[%emt 00:00:36]} Nf6 {[%clk 01:23:46]} {[%emt
00:00:40]} 12. Nxc6 {[%clk 01:25:01]} {[%emt 00:00:11]} Nxc6 {[%clk 01:23:54]}
{[%emt 00:00:22]} 13. Qa4 {[%clk 01:23:52]} {[%emt 00:01:39]} O-O {[%clk
01:17:50]} {[%emt 00:06:34]} 14. Rd1 {[%clk 01:17:52]} {[%emt 00:06:28]} Qc8
{[%clk 01:08:42]} {[%emt 00:09:39]} 15. Nc3 {[%clk 01:17:33]} {[%emt 00:00:49]}
a6 {[%clk 01:00:46]} {[%emt 00:08:26]} 16. Bg5 {[%clk 01:12:11]} {[%emt
00:05:52]} b5 {[%clk 00:59:55]} {[%emt 00:01:21]} 17. Qc2 {[%clk 01:04:25]}
{[%emt 00:08:16]} Rb8 {[%clk 00:49:07]} {[%emt 00:11:18]} 18. Bxf6 {[%clk
00:49:52]} {[%emt 00:15:02]} Bxf6 {[%clk 00:49:13]} {[%emt 00:00:25]} 19. Nd5
{[%clk 00:50:15]} {[%emt 00:00:07]} Be7 {[%clk 00:47:22]} {[%emt 00:02:21]} 20.
Rac1 {[%clk 00:41:04]} {[%emt 00:09:41]} Re8 {[%clk 00:40:13]} {[%emt
00:07:37]} 21. Nxe7+ {[%clk 00:40:46]} {[%emt 00:00:50]} Rxe7 {[%clk 00:40:37]}
{[%emt 00:00:06]} 22. Qxc5 {[%clk 00:40:21]} {[%emt 00:00:54]} Rxe2 {[%clk
00:39:03]} {[%emt 00:02:05]} 23. Bh3 {[%clk 00:28:09]} {[%emt 00:12:41]} Qf8
{[%clk 00:30:34]} {[%emt 00:08:59]} 24. Bxd7 {[%clk 00:27:22]} {[%emt
00:01:18]} Qxc5 {[%clk 00:26:45]} {[%emt 00:04:19]} 25. Rxc5 {[%clk 00:27:46]}
{[%emt 00:00:06]} Ne5 {[%clk 00:26:50]} {[%emt 00:00:25]} 26. Bc8 {[%clk
00:26:21]} {[%emt 00:01:55]} Ng6 {[%clk 00:21:47]} {[%emt 00:05:33]} 27. Kf1
{[%clk 00:24:55]} {[%emt 00:01:56]} Re4 {[%clk 00:15:50]} {[%emt 00:06:27]} 28.
Bxa6 {[%clk 00:21:13]} {[%emt 00:04:12]} Ra4 {[%clk 00:15:21]} {[%emt
00:00:58]} 29. Rxb5 {[%clk 00:17:50]} {[%emt 00:03:54]} Re8 {[%clk 00:14:30]}
{[%emt 00:01:21]} 30. Rb6 {[%clk 00:14:00]} {[%emt 00:04:20]} Rxa2 {[%clk
00:14:49]} {[%emt 00:00:12]} 31. Re1 {[%clk 00:12:33]} {[%emt 00:01:56]} Rd8
{[%clk 00:14:21]} {[%emt 00:00:57]} 32. h4 {[%clk 00:12:54]} {[%emt 00:00:09]}
Kf8 {[%clk 00:09:49]} {[%emt 00:05:03]} 33. Re3 {[%clk 00:06:58]} {[%emt
00:06:26]} Ra1+ {[%clk 00:09:04]} {[%emt 00:01:15]} 34. Kg2 {[%clk 00:06:56]}
{[%emt 00:00:31]} Ne7 {[%clk 00:08:55]} {[%emt 00:00:39]} 35. Bc4 {[%clk
00:07:13]} {[%emt 00:00:14]} Ra7 {[%clk 00:07:45]} {[%emt 00:01:40]} 36. Rf3
{[%clk 00:05:05]} {[%emt 00:02:38]} Nd5 {[%clk 00:05:19]} {[%emt 00:02:55]} 37.
Bxd5 {[%clk 00:05:20]} {[%emt 00:00:16]} Rxd5 {[%clk 00:05:45]} {[%emt
00:00:04]} 38. Rb8+ {[%clk 00:05:47]} {[%emt 00:00:03]} Ke7 {[%clk 00:06:02]}
{[%emt 00:00:14]} 39. Rg8 {[%clk 00:06:13]} {[%emt 00:00:03]} g6 {[%clk
00:06:11]} {[%emt 00:00:21]} 40. Rh8 {[%clk 00:03:01]} {[%emt 00:03:41]} Rb5
{[%clk 00:02:50]} {[%emt 00:03:52]} 41. Rxf7+ {[%clk 00:02:59]} {[%emt
00:00:32]} Kxf7 {[%clk 00:02:20]} {[%emt 00:01:00]} 42. Rxh7+ {[%clk 00:03:24]}
{[%emt 00:00:04]} Kf6 {[%clk 00:02:48]} {[%emt 00:00:03]} 43. Rxa7 {[%clk
00:03:49]} {[%emt 00:00:05]} Rxb2 {[%clk 00:03:16]} {[%emt 00:00:02]} 44. Kf3
{[%clk 00:03:22]} {[%emt 00:00:57]} Rb3+ {[%clk 00:03:32]} {[%emt 00:00:14]} 45.
Kg4 {[%clk 00:01:51]} {[%emt 00:02:01]} Rb5 {[%clk 00:03:52]} {[%emt 00:00:08]}
46. Rh7 {[%clk 00:02:02]} {[%emt 00:00:20]} Ra5 {[%clk 00:30:15]} {[%emt
00:04:08]} 47. f4 {[%clk 00:32:28]} {[%emt 00:00:04]} Rb5 {[%clk 00:30:04]}
{[%emt 00:00:41]} 48. h5 {[%clk 00:32:32]} {[%emt 00:00:25]} g5 {[%clk
00:30:17]} {[%emt 00:00:17]} 49. Rh6+ {[%emt 00:00:05]} 1-0

[Event "European Chess Club Cup 2023"]
[Site "Durres, Albania"]
[Date "2023.10.02"]
[Round "2.45"]
[White "Gengler, Pierre"]
[Black "Zeneli, Klendi"]
[Result "1/2-1/2"]
[TimeControl "90' + 30' & 30\""]
[WhiteElo "2130"]
[BlackElo "2112"]

1. g3 {[%clk 01:30:58]} {[%emt 00:00:02]} d5 {[%clk 01:30:49]} {[%emt
00:00:10]} 2. Bg2 {[%clk 01:31:25]} {[%emt 00:00:04]} e5 {[%clk 01:31:10]}
{[%emt 00:00:09]} 3. d3 {[%clk 01:31:34]} {[%emt 00:00:22]} Nf6 {[%clk
01:31:17]} {[%emt 00:00:21]} 4. Nd2 {[%clk 01:31:34]} {[%emt 00:00:32]} Bc5
{[%clk 01:31:26]} {[%emt 00:00:18]} 5. h3 {[%clk 01:26:04]} {[%emt 00:06:02]}
O-O {[%clk 01:29:28]} {[%emt 00:02:26]} 6. c4 {[%clk 01:26:04]} {[%emt
00:00:32]} c6 {[%clk 01:20:08]} {[%emt 00:09:49]} 7. e3 {[%clk 01:20:48]}
{[%emt 00:05:47]} Bf5 {[%clk 01:16:28]} {[%emt 00:04:10]} 8. e4 {[%clk
01:15:26]} {[%emt 00:05:53]} Be6 {[%clk 01:04:56]} {[%emt 00:12:01]} 9. Ngf3
{[%clk 01:14:02]} {[%emt 00:01:54]} Qc7 {[%clk 00:51:57]} {[%emt 00:13:28]} 10.
O-O {[%clk 01:14:05]} {[%emt 00:00:28]} h6 {[%clk 00:51:46]} {[%emt 00:00:42]}
11. Qe2 {[%clk 01:06:54]} {[%emt 00:07:41]} Nbd7 {[%clk 00:48:34]} {[%emt
00:03:41]} 12. Rd1 {[%clk 01:05:15]} {[%emt 00:02:10]} Rfd8 {[%clk 00:48:20]}
{[%emt 00:00:43]} 13. Nf1 {[%clk 01:05:31]} {[%emt 00:00:14]} dxc4 {[%clk
00:46:42]} {[%emt 00:02:09]} 14. dxc4 {[%clk 01:04:35]} {[%emt 00:01:25]} Nb6
{[%clk 00:44:42]} {[%emt 00:02:29]} 15. Rxd8+ {[%clk 01:03:42]} {[%emt
00:01:24]} Rxd8 {[%clk 00:45:03]} {[%emt 00:00:08]} 16. b3 {[%clk 01:03:27]}
{[%emt 00:00:46]} a5 {[%clk 00:43:09]} {[%emt 00:02:25]} 17. Bb2 {[%clk
01:01:47]} {[%emt 00:02:10]} Nbd7 {[%clk 00:42:45]} {[%emt 00:00:54]} 18. Rd1
{[%clk 01:01:57]} {[%emt 00:00:20]} Ra8 {[%clk 00:42:23]} {[%emt 00:00:53]} 19.
Ne1 {[%clk 00:58:22]} {[%emt 00:04:04]} a4 {[%clk 00:39:38]} {[%emt 00:03:15]}
20. Nd3 {[%clk 00:57:38]} {[%emt 00:01:14]} axb3 {[%clk 00:34:37]} {[%emt
00:05:30]} 21. axb3 {[%clk 00:56:14]} {[%emt 00:01:55]} Qb6 {[%clk 00:33:10]}
{[%emt 00:01:57]} 22. Qc2 {[%clk 00:52:27]} {[%emt 00:04:16]} Ra2 {[%clk
00:28:11]} {[%emt 00:05:29]} 23. Nc1 {[%clk 00:47:18]} {[%emt 00:05:40]} Bxf2+
{[%clk 00:27:57]} {[%emt 00:00:45]} 24. Kh2 {[%clk 00:42:49]} {[%emt 00:04:57]}
Ra8 {[%clk 00:27:11]} {[%emt 00:01:16]} 25. Ne2 {[%clk 00:33:25]} {[%emt
00:09:54]} Bc5 {[%clk 00:25:03]} {[%emt 00:02:37]} 26. Nd2 {[%clk 00:32:31]}
{[%emt 00:01:25]} Bb4 {[%clk 00:23:01]} {[%emt 00:02:33]} 27. Nf3 {[%clk
00:31:30]} {[%emt 00:01:30]} Qc7 {[%clk 00:18:40]} {[%emt 00:04:51]} 28. Nc1
{[%clk 00:27:13]} {[%emt 00:04:48]} Bd6 {[%clk 00:18:56]} {[%emt 00:00:13]} 29.
Qe2 {[%clk 00:24:00]} {[%emt 00:03:45]} Ba3 {[%clk 00:18:06]} {[%emt 00:01:17]}
30. Bc3 {[%clk 00:23:06]} {[%emt 00:01:25]} Qb6 {[%clk 00:17:15]} {[%emt
00:01:22]} 31. Qc2 {[%clk 00:22:28]} {[%emt 00:01:08]} Bxc1 {[%clk 00:14:31]}
{[%emt 00:03:15]} 32. Rxc1 {[%clk 00:22:52]} {[%emt 00:00:05]} Ra3 {[%clk
00:14:25]} {[%emt 00:00:36]} 33. Rb1 {[%clk 00:21:32]} {[%emt 00:01:51]} Bxc4
{[%clk 00:12:18]} {[%emt 00:02:36]} 34. Nxe5 {[%clk 00:20:23]} {[%emt
00:01:39]} Be6 {[%clk 00:11:03]} {[%emt 00:01:44]} 35. Nxd7 {[%clk 00:20:43]}
{[%emt 00:00:10]} Nxd7 {[%clk 00:08:47]} {[%emt 00:02:47]} 36. Bxg7 {[%clk
00:21:02]} {[%emt 00:00:11]} Rxb3 {[%clk 00:09:12]} {[%emt 00:00:05]} 37. Rxb3
{[%clk 00:19:43]} {[%emt 00:01:49]} Qxb3 {[%clk 00:09:37]} {[%emt 00:00:05]} 38.
Qxb3 {[%clk 00:20:05]} {[%emt 00:00:08]} Bxb3 {[%clk 00:10:02]} {[%emt
00:00:05]} 39. Bxh6 {[%clk 00:20:30]} {[%emt 00:00:05]} c5 {[%clk 00:08:41]}
{[%emt 00:01:51]} 40. Kg1 {[%clk 00:19:29]} {[%emt 00:01:31]} b5 {[%clk
00:08:19]} {[%emt 00:00:52]} 41. Kf2 {[%clk 00:18:05]} {[%emt 00:01:54]} c4
{[%clk 00:06:05]} {[%emt 00:02:45]} 42. Bf3 {[%clk 00:14:58]} {[%emt 00:03:36]}
b4 {[%clk 00:05:43]} {[%emt 00:00:52]} 43. Ke3 {[%clk 00:12:38]} {[%emt
00:02:49]} Ne5 {[%clk 00:03:03]} {[%emt 00:03:11]} 44. Be2 {[%clk 00:12:42]}
{[%emt 00:00:26]} Nc6 {[%clk 00:02:31]} {[%emt 00:01:01]} 45. Bf4 {[%clk
00:10:29]} {[%emt 00:02:44]} c3 {[%clk 00:02:05]} {[%emt 00:00:56]} 46. Bb5
{[%clk 00:03:45]} {[%emt 00:07:14]} Na7 {[%clk 00:02:01]} {[%emt 00:00:34]} 47.
Bd3 {[%clk 00:02:33]} {[%emt 00:01:42]} Ba4 {[%clk 00:01:43]} {[%emt 00:00:49]}
48. Be5 {[%clk 00:21:35]} {[%emt 00:11:27]} Kh7 {[%clk 00:14:42]} {[%emt
00:17:31]} 49. Bf6 {[%clk 00:19:52]} {[%emt 00:02:13]} Bb5 {[%clk 00:13:23]}
{[%emt 00:01:49]} 50. Bb1 {[%clk 00:17:29]} {[%emt 00:02:54]} Bf1 {[%clk
00:13:04]} {[%emt 00:00:48]} 51. h4 {[%clk 00:14:56]} {[%emt 00:03:03]} Nb5
{[%clk 00:12:53]} {[%emt 00:00:41]} 52. Bd3 {[%clk 00:13:46]} {[%emt 00:01:40]}
Bxd3 {[%clk 00:13:08]} {[%emt 00:00:15]} 53. Kxd3 {[%clk 00:14:11]} {[%emt
00:00:06]} Kg6 {[%clk 00:13:24]} {[%emt 00:00:14]} 54. Be7 {[%clk 00:05:59]}
{[%emt 00:08:42]} b3 {[%clk 00:13:29]} {[%emt 00:00:24]} 55. Bc5 {[%clk
00:04:01]} {[%emt 00:02:29]} Kh5 {[%clk 00:09:42]} {[%emt 00:04:16]} 56. Bb4
{[%clk 00:02:15]} {[%emt 00:02:16]} b2 {[%clk 00:08:31]} {[%emt 00:01:41]} 57.
Kc2 {[%clk 00:02:36]} {[%emt 00:00:09]} Kg4 {[%clk 00:08:52]} {[%emt 00:00:10]}
58. Bc5 {[%clk 00:01:44]} {[%emt 00:01:22]} f6 {[%clk 00:05:09]} {[%emt
00:04:13]} 59. Kb1 {[%clk 00:01:43]} {[%emt 00:00:31]} Kh5 {[%clk 00:03:16]}
{[%emt 00:02:23]} 60. Kc2 {[%clk 00:02:08]} {[%emt 00:00:04]} Kg4 {[%clk
00:03:40]} {[%emt 00:00:05]} 61. Kb1 {[%clk 00:02:27]} {[%emt 00:00:12]} Nc7
{[%clk 00:01:08]} {[%emt 00:03:03]} 62. Bd4 {[%clk 00:02:48]} {[%emt 00:00:09]}
Nb5 {[%clk 00:01:24]} {[%emt 00:00:13]} 1/2-1/2